Excavations at Tel Zahara, (2006-2009) final report : the Hellenistic and Roman strata /

محفوظ في:

مؤلفون آخرون: Cohen, Susan L. (المحرر)

التنسيق: كتاب

اللغة: English

منشور في: Oxford, England : Archaeopress, 2013.

سلاسل: BAR International Series ; 2554.

الموضوعات:

الوسوم: إضافة وسم

لا توجد وسوم, كن أول من يضع وسما على هذه التسجيلة!

رقم الطلب: DS110 .T559 E93 2013

LEADER 01217namaa2200349 4500
001 25105
003 OSt
005 20250504113849.0
008 130303s2013 enkab g b 000 0 eng d
010 |a 2014431369 
020 |a 9781407311753 (paperback) 
020 |a 1407311751 (paperback) 
040 |c ARCE Library 
043 |a a-is---  |a awba---  |a awgz--- 
050 4 |a DS110 .T559 E93 2013 
245 0 0 |a Excavations at Tel Zahara, (2006-2009) final report :   |b the Hellenistic and Roman strata /   |c edited by Susan L. Cohen. 
264 1 |a Oxford, England :   |b Archaeopress,   |c 2013. 
300 |a xi, 187 pages :   |b illustrations, maps ;   |c 30 cm. 
490 1 |a BAR International Series ;   |v 2554. 
504 |a Includes bibliographical references (pages 177-187). 
650 0 |a Excavations (Archaeology)  |z Israel. 
650 0 |a Jews  |x History  |y 586 B.C.-70 A.D. 
650 0 |a Jews  |x History  |y 70-638. 
651 0 |a Zahara, Tel (Israel)  |9 19204 
651 0 |a Israel  |x Antiquities. 
651 0 |a Palestine  |x History  |y To 70 A.D. 
651 0 |a Palestine  |x History  |y 70-638. 
700 1 |a Cohen, Susan L.,   |e editor 
830 0 |a BAR International Series ;   |v 2554. 
901 |a reviewed 
942 |c BK  |2 lcc 
999 |c 21069  |d 21069